Fluid mechanics and thermodynamics of turbomachinery / (Record no. 597942)
[ view plain ]
| 000 -LEADER | |
|---|---|
| fixed length control field | 00299nam a2200109Ia 4500 |
| 008 - FIXED-LENGTH DATA ELEMENTS--GENERAL INFORMATION | |
| fixed length control field | 230907s9999||||xx |||||||||||||| ||und|| |
| 082 ## - DEWEY DECIMAL CLASSIFICATION NUMBER | |
| Classification number | 621.406,DIX |
| 100 ## - MAIN ENTRY--PERSONAL NAME | |
| Personal name | Dixon, S. L. |
| 9 (RLIN) | 63320 |
| 245 #0 - TITLE STATEMENT | |
| Title | Fluid mechanics and thermodynamics of turbomachinery / |
| 300 ## - PHYSICAL DESCRIPTION | |
| Extent | xviii, 537 pages : |
| 942 ## - ADDED ENTRY ELEMENTS (KOHA) | |
| Koha item type | Book |
| Withdrawn status | Lost status | Damaged status | Not for loan | Permanent Location | Current Location | Date acquired | Total Checkouts | Full call number | Barcode | Date last seen | Price effective from | Koha item type |
|---|---|---|---|---|---|---|---|---|---|---|---|---|
| US-Pakistan Center for Advanced Studies in Energy (USPCAS-E) | US-Pakistan Center for Advanced Studies in Energy (USPCAS-E) | 05/15/2018 | 621.406,DIX | CAS-E0002041 | 09/12/2023 | 09/12/2023 | Book |
